00459nam a22001577a 450000500170000001000150001702000260003203500140005803700130007208200110008524500480009626000460014427000700019030000200026070000210028020171012114540.0 aENG-120979 c900.00a9789380945637 aEN-104511 bDBAD/PUB a341.48 aHumans right :ba socio-legal prospective / aNew DelhibEducational Book Servicec2015 aN-3/ 25A, D.K. Road, Mohan Garden, Uttam NagarbNew Delhie110059 a240p.c22cm(Hb) aShukla, Siya Ram